Quiz sur la vie de l'empereur Napoléon - Statistiques

Statistiques générales
  • Ce quiz a été pris 42 fois
  • Le résultat moyen est 8 sur 9
Statistiques - réponses
Question Réponse % Correct
Quand est née Napoléon ? 15 août 1769
100%
Où finit-il sa vie ? A St Hélène
100%
Où Napoléon a-t-il été battu finalement ? A Waterloo
100%
Que s’est-il passé le 2 décembre 1804 ? Il se fait sacrer empereur.
100%
Quel événement a lieu pendant sa jeunesse ? La Révolution Française.
100%
Quand ça ? 22 juin 1815.
83%
Quand est mort Napoléon ? 5 mai 1821
83%
Quels institutions crées par Napoléon qui existent encore ? Le code civil
83%
Quels pays d’Europe Napoléon a-t-il conquis ? L’Espagne, l'Autriche, l’Italie et l'Allemagne
50%
Aucun quiz correspondant
Distribution des résultats
% des personnes avec chaque résultat
Percentile par nombre de réponses
Votre historique - résultats
Vous n’avez pas pris ce quiz